| 000 | 00862nam a2200229Ia 4500 | ||
|---|---|---|---|
| 001 | 15902 | ||
| 003 | GE_BSU | ||
| 008 | 181216s||||||||xx |||||||||||||| ||und|| | ||
| 040 | _cGE_BSU | ||
| 080 | _a821.353.1-11 | ||
| 100 | _aჭავჭავაძე, ი. (ილია, 1837-1907) | ||
| 245 | _aრამოდენიმე სურათი ანუ ეპიზოდი ყაჩაღის ცხოვრებიდან | ||
| 245 | _bპოემა | ||
| 245 | _cრედ.: შ. რადიანი | ||
| 260 | _aთბილისი | ||
| 260 | _bსახელგამი | ||
| 260 | _c1935 | ||
| 300 | _a23 გვ. ; 17 სმ. | ||
| 653 | _aპოემა | ||
| 653 | _aრამოდენიმე სურათი ანუ ეპიზოდი ყაჩაღის ცხოვრებიდან | ||
| 942 | _cBK | ||
| 999 |
_c48997 _d48997 |
||